| 000 | 01075cab a2200277 4500 | ||
|---|---|---|---|
| 001 | ABS51262 | ||
| 008 | 090401t1994 xxu||||| |||| 00| 0 eng d | ||
| 035 | _a(Sirsi) u18125 | ||
| 041 | _aeng | ||
| 100 | _aPannell, B. | ||
| 245 | _aHouse prices and affordability | ||
| 260 | _c1994 | ||
| 350 | _a0 | ||
| 490 |
_aHousing Finance _v(23) August 1994, 7-18(12) |
||
| 520 | _aConsiders the question of `affordability` - the ability to pay for a unit of housing - and its effect on the housing market. Identifies ways of measuring affordability before examining the state of the housing market, and comments on the usefulness of current affordability criteria. Tabes. | ||
| 650 | _aABILITY TO BUY INDEX | ||
| 650 | _aHOUSING FINANCE AFFORDABILITY INDEX | ||
| 650 | _aHOUSE PRICE TO EARNINGS RATIO | ||
| 650 | _aHOUSE PRICE TO INCOME RATIO | ||
| 650 | _aHOUSING ECONOMICS | ||
| 650 | _aMORTGAGE REPAYMENTS TO INCOME RATIOS | ||
| 690 | _aPROPERTY-RESIDENTIAL PROPERTY-RESIDENTIAL PROPERTY MARKET | ||
| 700 | _aWilliams, P. | ||
| 942 | _n0 | ||
| 948 | _c04/03/1997 | ||
| 999 |
_c12020 _d12020 |
||